| 000 | 00474nam a2200193Ia 4500 | ||
|---|---|---|---|
| 008 | 101110s9999 xx 000 0 und d | ||
| 041 | _aENGLISH | ||
| 082 | _bSR3216 | ||
| 100 | _aKuchhal S.C. | ||
| 245 | _aThe Industrial Economy of India | ||
| 365 | _b13.5 | ||
| 520 | _aEconomics | ||
| 546 | _aENGLISH | ||
| 630 | _aThe Industrial Economy of India | ||
| 650 | _aEconomics | ||
| 655 | _aEconomics | ||
| 730 | _aThe Industrial Economy of India | ||
| 942 | _cBOOK | ||
| 999 |
_c799793 _d799790 |
||